000 00437nam a2200181Ia 4500
001 17914
005 20260306171552.0
008 260306s9999||||xx |||||||||||||| ||und||
041 _aESP
082 _a658.3
_bD61 2017
100 _aDessler, Gary
_eAUT
245 0 _aAdministración de recursos humanos:
_benfoque latinoamericano
260 _c2017
300 _a
_c
650 _aGEN
654 _aCAN
942 _cLIB
_dJUS
_fJUS
_2ddc
_n
999 _c17914
_d17914